Shah Jahan and the Ruby Robber / (Record no. 168001)

MARC details
000 -LEADER
fixed length control field 00685nam a22002057a 4500
005 - DATE AND TIME OF LATEST TRANSACTION
control field 20190924171256.0
010 ## - LCCN (DPL NO)
LC control number B-730166
020 ## - INTERNATIONAL STANDARD BOOK NUMBER
Terms of availability 199.00
International Standard Book Number 9789383331680
035 ## - SYSTEM CONTROL NUMBER
System control number B-730166
037 ## - SOURCE OF ACQUISITION
Source of stock number/acquisition Duckbill Books
082 ## - DEWEY DECIMAL CLASSIFICATION NUMBER
Classification number N
100 ## - MAIN ENTRY--PERSONAL NAME
Personal name Sharma, Natasha
245 ## - TITLE STATEMENT
Title Shah Jahan and the Ruby Robber /
Statement of responsibility, etc by Natasha Sharma; illustrated by Lavanya Naidu
260 ## - PUBLICATION, DISTRIBUTION, ETC. (IMPRINT)
Name of publisher, distributor, etc Duckbill Books
Place of publication, distribution, etc Chennai
Date of publication, distribution, etc 2017
270 ## - ADDRESS
City Chennai
Address F2, Oyster Operaa, 35/36 Gangai Street Kalakshetra Colony
Postal code 600090
300 ## - PHYSICAL DESCRIPTION
Extent 70p.
Dimensions 20cm(pbk)
Other physical details illus.
700 ## - ADDED ENTRY--PERSONAL NAME
Personal name Naidu, Lavanya
942 ## - ADDED ENTRY ELEMENTS (KOHA)
Source of classification or shelving scheme Dewey Decimal Classification
Item type Children Books
Call number suffix SHA
Classification part N
Holdings
Withdrawn status Lost status Not for loan Collection code Home library Current library Date acquired Source of acquisition Cost, normal purchase price Full call number Barcode Copy number Cost, replacement price Koha item type
      Fiction Ashok Vihar Ashok Vihar 24/09/2019 Gift /Eng /13.09.2019 199.00 N SHA B-730166 1 199.00 Children Books

© Delhi Public Library
Hit Counter
free hit counter